Código de procedimiento civil
Guardat en:
| Format: | Llibre |
|---|---|
| Idioma: | espanyol |
| Publicat: |
Santiago
Jurídica de Chile
1995
|
| Matèries: | |
| Etiquetes: |
Afegir etiqueta
Sense etiquetes, Sigues el primer a etiquetar aquest registre!
|
MARC
| LEADER | 00000nam a2200000 a 4500 | ||
|---|---|---|---|
| 001 | UCY5385 | ||
| 003 | CL-VaPUC | ||
| 008 | 950508e19950000CL |||||||||||||||||spa|d | ||
| 082 | 0 | 4 | |a 347.83 |b COD |2 21 |
| 245 | 1 | 0 | |a Código de procedimiento civil |
| 300 | |a 390 p | ||
| 942 | |c BK | ||
| 945 | |d 19950508 00:00:00 |a aalvarez | ||
| 260 | |a Santiago |b Jurídica de Chile |c 1995 | ||
| 500 | |a Edición no oficial | ||
| 650 | 0 | |a Código de procedimiento civil |9 256305 | |
| 651 | 7 | |a CHILE |2 CL-VaPUC |9 334109 | |
| 583 | |a last modification |c 19950508 00:00:00 |k Rodrigo Vera | ||
| 999 | |c 233057 |d 233055 | ||
| 952 | |0 0 |1 0 |2 ddc |4 0 |6 347_830000000000000_COD_1995 |7 0 |8 FOND_LRYV |9 238133 |a BIBDER |b BIBDER |d 2019-11-18 |i 3083802 |o 347.83 COD 1995 |p 3083802 |r 2023-01-25 |w 2019-11-18 |y BK_X |k DER | ||